00494nam a2200193Ia 4500003000400000005001700004008004100021040000700062041000900069082001600078100004800094245005900142250000600201260004200207300001100249365001000260650001500270650001500285OSt20250916151915.0210719s1986 xx 000 0 und d cAL aTulu aT894.2 RAVJ aRAV (P S)dರಾವ್ (ಪಿ ಎಸ್ ) aJavandi ponnubಜವಂದಿ ಪೊಣ್ಣು  a2 aMangalurubSahodara Kala Vrandac1986 a70bPB b5cRs aTulu Drama aTulu Drama